01009nam a2200193 a 450000100060000000300090000600800410001504000280005608200170008411000470010124500380014826000310018630000160021750002550023350501990048865000460068765000360073365000460076922495CO-ViMGA141112s2004 ck r 000 u spa d aCO-ViMGAbspacCO-ViMGA04a657.61 C656r aColombia.Contaduria General de la Nación10aRegimen de contabilidad pública aBogotá : bLegis, c2007 a629 + Anexo aPlan general de contabilidada. Manual de procedimientos. Doctrina contable. Organismos reguladores y responsables de la información contable pública. Contiene anexo : Reglamentación para la transición del regimen de contabilidad pública..  aRegimen de contabilidad pública 1 - 30 - - Plan General de contabilidad pública 31 - 41 - - Marco Conceptual 42 - 50 - - Caracterizacion del entorno del sector público colombiano 51 - 66 14aCONTABILIDAD - LEGISLACIÓN - COLOMBIANA14aCONTADURIA PúBLICA - COLOMBIA14aHACIENDA PUBLICA - LEGISLACION - COLOMBIA